1306 1090 1160 1111 1123 1214 1406 1720 1660 1302 1209 1178 1618 1387 1133 1574 1847 1727 1144 1790 1495 1273 1476 1697 1024 1928 1453 1254 1999 1386 1087 1570 1624 1942 1135 1036 1736 1532 1301 1349 1227 1560 1383 1752 1454 1512 1096 1476 1379 1489 1149 1145 1835 1096 1906 1462 1723 1815 1836 1486 1703 1832 1080 1520 1724 1975 1534 1758 1798 1504 1300 1837 1988 1128 1217 1112 1612 1720 1250 1151 1249 1848 1245 1151 1460 1747 1621 1783 1235 1431 1525 1372 1487 1829 1332 1713 1106 1364 1166 BCNSPRNW ULIB Ver.6.0+V

เปลี่ยนเป็นภาษาไทย

Change to English
 แสดงรายละเอียดบรรณานุกรม
  กลับหน้าหลัก

Brief Record : Get Marc (ISO 2709) : E-mail record : QR code < ปิดหน้าต่าง
LEADER : 00000nam 2200000uu 4500
001    13399128110
003     ULIB
008    220526s2564||||th 000 0 tha d
020    ^a9786164220683
060    ^aWO39^bT355
100    ^aชัยรัตน์ บุรุษพัฒน์, บรรณาธิการ
245    ^aTEXTBOOK OF PRINCIPLES OF WOUND AND SCAR MANAGEMENT :ตำราหลักการดูแลแผล และแผลเป็น
250    ^aพิมพ์ครั้งที่ 1
260    ^aกรุงเทพฯ :^bโครงการตำราวิทยาลัยแพทยศาสตร์พระมงกุฎเกล้า,^c2564
300    ^a362 หน้า;^b26 ซม.
650    ^aWound and Injuries^xtherapy
650    ^aCicatrix^xtherapy
945    ^p550^l0^i29341
945    ^p550^l0^i29342
945    ^p550^l0^i29343
945    ^p550^l0^i29344
945    ^p550^l0^i29345
999    ^aกัณชพร จุลอักษร
รายการนี้ยังไม่มีแท็ก
คุณยังไม่ได้ล็อกอิน คุณสามารถมีกิจกรรมร่วมกับเว็บไซต์ได้ แต่ต้องล็อกอินก่อน ::
  ล็อกอิน

รายการสื่อสารสนเทศ

ลำดับที่ ประเภท เลขเรียก/บาร์โค้ด สถานที่ สถานะ
1. หนังสือสำรอง
หนังสือสำรอง
WO39 T355 ฉ.1 
  Barcode: 29341
ห้องสมุดวิทยาเขตนครสวรรค์
►หนังสือทั่วไป:l:General Books
บนชั้น
2. วิทยาศาสตร์การแพทย์ และสุขภาพ
วิทยาศาสตร์การแพทย์ และสุขภาพ
WO39 T355 ฉ.2 
  Barcode: 29342
ห้องสมุดวิทยาเขตนครสวรรค์
►หนังสือทั่วไป:l:General Books
บนชั้น
3. วิทยาศาสตร์การแพทย์ และสุขภาพ
วิทยาศาสตร์การแพทย์ และสุขภาพ
WO39 T355 ฉ.3 
  Barcode: 29343
ห้องสมุดวิทยาเขตนครสวรรค์
►หนังสือทั่วไป:l:General Books
บนชั้น
4. วิทยาศาสตร์การแพทย์ และสุขภาพ
วิทยาศาสตร์การแพทย์ และสุขภาพ
WO39 T355 ฉ.4 
  Barcode: 29344
ห้องสมุดวิทยาเขตนครสวรรค์
►หนังสือทั่วไป:l:General Books
บนชั้น
5. วิทยาศาสตร์การแพทย์ และสุขภาพ
วิทยาศาสตร์การแพทย์ และสุขภาพ
WO39 T355 ฉ.5 
  Barcode: 29345
ห้องสมุดวิทยาเขตนครสวรรค์
►หนังสือทั่วไป:l:General Books
บนชั้น

รายการใกล้เคียง
    ชื่อเรื่อง [TEXTBOOK OF PRINCIPLES OF WOUND AND SCAR MANAGEMENT :ตำราหลักการดูแลแผล และแผลเป็น]

BibComment


ยังไม่เคยถูกคอมเมนท์

คอมเมนท์ทรัพยากรรายการนี้
  คอมเมนท์: TEXTBOOK OF PRIN..


 Copyright 2026. Bcnsprnw @Library